|
|
|
|
| LEADER |
00000nab a2200000 ar4500 |
| 001 |
vtls010428471 |
| 003 |
SK-MaSNL |
| 005 |
20260305030826.0 |
| 008 |
120607c20120125xo mr|p|||||||000 b|slo |
| 038 |
|
|
|a SNSK
|
| 040 |
|
|
|b slo
|c SNSK
|e AACR2
|
| 041 |
|
|
|a slo
|
| 044 |
|
|
|a xo
|c SK
|
| 080 |
|
|
|a 656.085.1
|x (437.674)
|2 2001
|
| 080 |
|
|
|a 656.21
|x (437.674)
|2 2001
|
| 080 |
|
|
|a 625.1
|2 2001
|
| 080 |
|
|
|a 636.1
|2 2001
|
| 245 |
0 |
0 |
|a Vlak mi zabil milované kone
|b užialený ošetrovateľ
|c [autor](ee, foto autor)
|
| 300 |
|
|
|b Fotogr.
|
| 650 |
0 |
7 |
|a poranenia zvierat
|2 SNKPH
|9 1316717
|
| 650 |
0 |
7 |
|a kone
|2 SNKPH
|9 2809
|
| 650 |
0 |
7 |
|a železničné nehody
|2 SNKPH
|9 163434
|
| 651 |
|
7 |
|a Pusté Čemerné (Slovensko)
|2 SNKPHgeo
|9 51726
|
| 651 |
|
7 |
|a Strážske (Slovensko)
|2 SNKPHgeo
|9 29526
|
| 651 |
|
7 |
|a Michalovce (Slovensko : okres)
|2 SNKPHgeo
|9 19216
|
| 773 |
0 |
|
|t Nový Čas
|g Roč. 22, č. 20 (25.1.2012), s. 10
|x 1335-4655
|
| 852 |
|
|
|a SNSK
|b KIS3GCP
|
| 999 |
|
|
|c 3313410
|d 3315340
|